[Event "Manizales op 28th"]
[Site "Manizales"]
[Date "2023.01.07"]
[Round "5"]
[White "Duran Lopez, Arlesc"]
[Black "Ocampo Arredondo, Luis Fernando"]
[Result "0-1"]
[WhiteElo "1546"]
[BlackElo "1203"]
[PlyCount "86"]
[EventDate "2023.01.05"]
[EventType "swiss"]
[EventRounds "8"]
[EventCountry "COL"]
[SourceTitle "CBM 212 Extra"]
[Source "ChessBase"]
[SourceDate "2023.03.31"]
[SourceVersion "1"]
[SourceVersionDate "2023.03.31"]
[SourceQuality "1"]

1. e4 e5 2. Nf3 Nc6 3. Bc4 Nf6 4. d3 h6 5. Nc3 Bc5 6. Be3 Bb6 7. 0-0 0-0 8. h3 d6 9. Nd5 Na5 10. Bb3 Nxb3 11. axb3 Be6 12. Nxb6 cxb6 13. Nd2 d5 14. f4 d4 15. Bf2 exf4 16. Ra4 b5 17. Rb4 a5 18. Rxb5 Qd7 19. c4 dxc3 20. Rc5 cxd2 21. Qxd2 Rfc8 22. Rxa5 Rxa5 23. Qxa5 Qxd3 24. e5 Ne4 25. Qb4 Nxf2 26. Qxf4 Ne4 27. Rf3 Rc1+ 28. Qxc1 Qd4+ 29. Qe3 Qxe5 30. Qe2 Qd5 31. Rd3 Qc5+ 32. Qe3 Qc6 33. Rd8+ Kh7 34. Qd3 Qc1+ 35. Kh2 Bf5 36. Qd5 Qf4+ 37. Kg1 Bg6 38. Qxb7 Qf2+ 39. Kh2 Ng5 40. Qa8 Be4 41. Rh8+ Kg6 42. Rxh6+ gxh6 43. Qg8+ Kh5 0-1

[Event "Manizales Americas op"]
[Site "Manizales"]
[Date "2022.10.14"]
[Round "2"]
[White "Ortiz Hernandez, Jose Guillermo"]
[Black "Ocampo Arredondo, Luis Fernando"]
[Result "1-0"]
[WhiteElo "1577"]
[BlackElo "1207"]
[PlyCount "63"]
[EventDate "2022.10.14"]
[EventType "swiss"]
[EventRounds "8"]
[EventCountry "COL"]
[SourceTitle "CBM 210 Extra"]
[Source "ChessBase"]
[SourceDate "2022.11.30"]
[SourceVersion "1"]
[SourceVersionDate "2022.11.30"]
[SourceQuality "1"]

1. d4 f5 2. Nf3 Nf6 3. Nc3 e6 4. a3 Be7 5. b4 b6 6. e3 Bb7 7. Bc4 Ne4 8. Bb2 0-0 9. Bd3 Rf6 10. Nd2 Nxc3 11. Bxc3 Bxg2 12. Rg1 Bd5 13. Qe2 Rh6 14. e4 fxe4 15. Bxe4 Rxh2 16. 0-0-0 a5 17. Rh1 Rxh1 18. Rxh1 Bg5 19. Bxh7+ Kf8 20. Be4 Qf6 21. Rh8+ Ke7 22. Bxd5 c6 23. Bb3 d5 24. Kb2 g6 25. Rh7+ Kd8 26. b5 a4 27. Ba2 Bxd2 28. Bxd2 c5 29. Qe5 Nd7 30. Rh8+ Ke7 31. Qxf6+ Kxf6 32. Rxa8 1-0